[Event "European Rapid Championship 2021"]
[Site "Katowice"]
[Date "2021.12.19"]
[Round "7.23"]
[White "Vingris, Mikelis"]
[Black "Rudnicki, Milosz"]
[Result "1/2-1/2"]
[WhiteElo "1904"]
[BlackElo "2200"]
[Annotator "NA"]
[PlyCount "117"]
[EventDate "2021.12.18"]
[EventType "swiss"]
[EventCountry "POL"]
[SourceTitle "playchess.com"]
[Source "ChessBase"]
[SourceQuality "1"]
[TimeControl "900+10"]

1. e4 {[%emt 0:00:03]} c5 {[%emt 0:00:02]} 2. Nf3 {[%emt 0:00:01]} Nc6 {
[%emt 0:00:05]} 3. d4 {[%emt 0:00:01]} cxd4 {[%emt 0:00:02]} 4. Nxd4 {[%emt 0:
00:02]} g6 {[%emt 0:00:07]} 5. Nc3 {[%emt 0:00:04]} Bg7 {[%emt 0:00:02]} 6. Be3
{[%emt 0:00:01]} Nf6 {[%emt 0:00:04]} 7. Bc4 {[%emt 0:00:08]} O-O {[%emt 0:00:
03]} 8. Bb3 {[%emt 0:00:01]} d6 {[%emt 0:00:07]} 9. f3 {[%emt 0:00:05]} Nd7 {
[%emt 0:00:03]} 10. Qd2 {[%emt 0:00:40]} Nb6 {[%emt 0:00:02]} 11. O-O {[%emt 0:
00:32]} Na5 {[%emt 0:02:54]} 12. Qd3 {[%emt 0:02:05]} Nxb3 {[%emt 0:01:10]} 13.
axb3 {[%emt 0:00:05]} Bd7 {[%emt 0:00:08]} 14. Nce2 {[%emt 0:01:21]} Qc7 {
[%emt 0:01:45]} 15. c4 {[%emt 0:00:13]} Bc6 {[%emt 0:00:47]} 16. Ra2 {[%emt 0:
00:46]} Nd7 {[%emt 0:00:10]} 17. b4 {[%emt 0:01:15]} a5 {[%emt 0:02:23]} 18.
Rfa1 {[%emt 0:01:42]} b6 {[%emt 0:01:11]} 19. Nb5 {[%emt 0:03:31]} Qb7 {
[%emt 0:03:29]} 20. bxa5 {[%emt 0:00:36]} Rxa5 {[%emt 0:00:05]} 21. Rxa5 {
[%emt 0:00:21]} bxa5 {[%emt 0:00:01]} 22. Rxa5 {[%emt 0:00:19]} Bxb2 {[%emt 0:
00:22]} 23. Qc2 {[%emt 0:01:23]} Bf6 {[%emt 0:00:34]} 24. Qa2 {[%emt 0:01:07]}
Ra8 {[%emt 0:00:27]} 25. Ned4 {[%emt 0:00:33]} Rxa5 {[%emt 0:01:48]} 26. Qxa5 {
[%emt 0:00:03]} Kg7 {[%emt 0:01:18]} 27. g3 {[%emt 0:00:44]} Ne5 {[%emt 0:00:
04]} 28. Qa2 {[%emt 0:00:41]} Bd7 {[%emt 0:00:08]} 29. Kf2 {[%emt 0:00:56]} Nc6
{[%emt 0:00:03]} 30. Nxc6 {[%emt 0:00:25]} Bxc6 {[%emt 0:00:15]} 31. Nd4 {
[%emt 0:00:01]} Bd7 {[%emt 0:00:06]} 32. Qb3 {[%emt 0:00:33]} Qa6 {[%emt 0:00:
23]} 33. f4 {[%emt 0:00:06]} Qa1 {[%emt 0:00:07]} 34. Nf3 {[%emt 0:00:12]} Bh3
{[%emt 0:00:11]} 35. Ne1 {[%emt 0:00:11]} Bc3 {[%emt 0:00:05]} 36. Ng2 {
[%emt 0:00:11]} Be6 {[%emt 0:00:17]} 37. h4 {[%emt 0:00:11]} Bd4 {[%emt 0:00:
10]} 38. Bxd4+ {[%emt 0:00:09]} Qxd4+ {[%emt 0:00:02]} 39. Ne3 {[%emt 0:00:01]}
h5 {[%emt 0:00:07]} 40. f5 {[%emt 0:00:12]} gxf5 {[%emt 0:00:17]} 41. exf5 {
[%emt 0:00:01]} Bxf5 {[%emt 0:00:03]} 42. Ke2 {[%emt 0:00:20]} Be6 {[%emt 0:00:
10]} 43. Qb5 {[%emt 0:00:08]} Bg4+ {[%emt 0:00:17]} 44. Nxg4 {[%emt 0:00:11]}
Qxg4+ {[%emt 0:00:02]} 45. Kf2 {[%emt 0:00:02]} Kg6 {[%emt 0:00:11]} 46. Qc6 {
[%emt 0:00:23]} Kf6 {[%emt 0:00:21]} 47. Qc7 {[%emt 0:00:11]} Qe4 {[%emt 0:00:
16]} 48. Qd8 {[%emt 0:00:11]} Qf5+ {[%emt 0:00:15]} 49. Kg2 Qe4+ 50. Kf2 {
[%emt 0:00:09]} Qc2+ {[%emt 0:00:05]} 51. Kf3 {[%emt 0:00:04]} Qd1+ {[%emt 0:
00:09]} 52. Kf2 {[%emt 0:00:09]} Ke6 {[%emt 0:00:08]} 53. Qc8+ {[%emt 0:00:02]}
Ke5 {[%emt 0:00:02]} 54. Qh8+ {[%emt 0:00:02]} Ke4 {[%emt 0:00:05]} 55. Qh7+ {
[%emt 0:00:03]} Kd4 {[%emt 0:00:14]} 56. Qxf7 {[%emt 0:00:10]} Qd2+ {[%emt 0:
00:14]} 57. Kg1 {[%emt 0:00:31]} Qe1+ {[%emt 0:00:06]} 58. Kg2 {[%emt 0:00:02]}
Qe4+ {[%emt 0:00:11]} 59. Kf2 {[%emt 0:00:21]} 1/2-1/2

[Event "European Rapid Championship 2021"]
[Site "Katowice"]
[Date "2021.12.19"]
[Round "7.24"]
[White "Mikhaletz, Lubomir"]
[Black "Agafonov, Yuri Dr"]
[Result "1/2-1/2"]
[WhiteElo "2166"]
[BlackElo "1938"]
[Annotator "NA"]
[PlyCount "97"]
[EventDate "2021.12.18"]
[EventType "swiss"]
[EventCountry "POL"]
[SourceTitle "playchess.com"]
[Source "ChessBase"]
[SourceQuality "1"]
[TimeControl "900+10"]

1. e4 {[%emt 0:00:27]} c6 {[%emt 0:00:08]} 2. d4 {[%emt 0:00:02]} d5 {[%emt 0:
00:01]} 3. e5 {[%emt 0:00:01]} c5 4. c4 {[%emt 0:00:10]} cxd4 {[%emt 0:01:41]}
5. Qxd4 {[%emt 0:00:07]} Be6 {[%emt 0:02:08]} 6. cxd5 {[%emt 0:01:36]} Qxd5 {
[%emt 0:00:11]} 7. Qxd5 {[%emt 0:00:20]} Bxd5 {[%emt 0:00:01]} 8. Nc3 {[%emt 0:
00:18]} e6 {[%emt 0:02:27]} 9. Nxd5 {[%emt 0:00:24]} exd5 {[%emt 0:00:03]} 10.
Nf3 {[%emt 0:00:31]} Nc6 {[%emt 0:00:01]} 11. a3 {[%emt 0:00:30]} Bc5 {[%emt 0:
01:33]} 12. b4 {[%emt 0:01:09]} Bb6 {[%emt 0:00:37]} 13. Bb2 {[%emt 0:00:07]}
Nge7 {[%emt 0:00:09]} 14. Bd3 {[%emt 0:00:29]} O-O {[%emt 0:00:51]} 15. O-O {
[%emt 0:00:06]} Ng6 {[%emt 0:00:03]} 16. g3 {[%emt 0:00:09]} Rfe8 {[%emt 0:01:
47]} 17. Rfe1 {[%emt 0:00:03]} Re7 {[%emt 0:01:24]} 18. b5 {[%emt 0:01:17]} Na5
{[%emt 0:00:05]} 19. a4 {[%emt 0:00:33]} Rae8 {[%emt 0:01:26]} 20. Kg2 {
[%emt 0:02:24]} Nc4 {[%emt 0:00:28]} 21. Bxc4 {[%emt 0:01:37]} dxc4 {[%emt 0:
00:01]} 22. Re4 {[%emt 0:00:21]} Rc8 {[%emt 0:00:26]} 23. a5 {[%emt 0:03:25]}
f5 {[%emt 0:00:15]} 24. Re2 {[%emt 0:00:46]} Bd8 {[%emt 0:00:39]} 25. Bc3 {
[%emt 0:00:07]} Rd7 {[%emt 0:00:42]} 26. a6 {[%emt 0:00:19]} bxa6 {[%emt 0:00:
16]} 27. Rxa6 {[%emt 0:00:09]} Bb6 {[%emt 0:00:13]} 28. Ba5 {[%emt 0:00:20]} c3
{[%emt 0:00:31]} 29. Bxb6 {[%emt 0:00:14]} axb6 {[%emt 0:00:01]} 30. Rc2 {
[%emt 0:00:02]} Rd5 {[%emt 0:00:22]} 31. Rxb6 {[%emt 0:00:06]} Nxe5 {[%emt 0:
00:03]} 32. Nxe5 {[%emt 0:00:15]} Rxe5 {[%emt 0:00:02]} 33. Kf3 {[%emt 0:00:14]
} Kf7 {[%emt 0:00:10]} 34. Rb7+ {[%emt 0:00:16]} Kf6 {[%emt 0:00:03]} 35. b6 {
[%emt 0:00:10]} Rc6 {[%emt 0:00:07]} 36. Rb8 {[%emt 0:00:28]} Rb5 {[%emt 0:00:
02]} 37. b7 {[%emt 0:00:09]} Rcb6 {[%emt 0:00:20]} 38. Rxc3 {[%emt 0:00:14]}
Rxb7 {[%emt 0:00:08]} 39. Rf8+ {[%emt 0:00:06]} Ke7 {[%emt 0:00:09]} 40. Rcc8 {
[%emt 0:00:01]} g5 {[%emt 0:01:02]} 41. h4 {[%emt 0:00:33]} Rb3+ {[%emt 0:00:
03]} 42. Kg2 {[%emt 0:00:02]} gxh4 {[%emt 0:00:02]} 43. gxh4 {[%emt 0:00:03]}
R7b4 {[%emt 0:00:27]} 44. Rxf5 {[%emt 0:00:40]} Rxh4 {[%emt 0:00:08]} 45. Rg8 {
[%emt 0:00:13]} Rh6 {[%emt 0:00:17]} 46. Rfg5 {[%emt 0:00:24]} Rf6 {[%emt 0:00:
11]} 47. Rh8 {[%emt 0:00:10]} Rbf3 {[%emt 0:00:21]} 48. Rxh7+ {[%emt 0:00:34]}
Ke6 {[%emt 0:00:01]} 49. Rg6 {[%emt 0:00:23]} 1/2-1/2

[Event "European Rapid Championship 2021"]
[Site "Katowice"]
[Date "2021.12.19"]
[Round "7.24"]
[White "Batashevs, Arsens"]
[Black "Teclaf, Pawel"]
[Result "0-1"]
[WhiteElo "2165"]
[BlackElo "2345"]
[Annotator "NA"]
[PlyCount "62"]
[EventDate "2021.12.18"]
[EventType "swiss"]
[EventCountry "POL"]
[SourceTitle "playchess.com"]
[Source "ChessBase"]
[SourceQuality "1"]
[TimeControl "900+10"]

1. g3 {[%emt 0:02:40]} d5 {[%emt 0:00:19]} 2. Bg2 {[%emt 0:00:03]} g6 {[%emt 0:
00:02]} 3. Nh3 {[%emt 0:01:25]} Nf6 {[%emt 0:00:37]} 4. O-O {[%emt 0:00:04]}
Bg7 {[%emt 0:00:03]} 5. f3 {[%emt 0:00:02]} O-O {[%emt 0:00:31]} 6. Nf2 {
[%emt 0:00:01]} c5 {[%emt 0:01:49]} 7. e4 {[%emt 0:01:14]} Nc6 {[%emt 0:00:36]}
8. c3 {[%emt 0:00:31]} b6 {[%emt 0:00:03]} 9. Na3 {[%emt 0:00:16]} dxe4 {
[%emt 0:01:23]} 10. fxe4 {[%emt 0:00:07]} Nd7 {[%emt 0:00:02]} 11. Nc2 {
[%emt 0:00:08]} Ba6 {[%emt 0:01:45]} 12. Re1 {[%emt 0:00:14]} c4 {[%emt 0:00:
55]} 13. b3 {[%emt 0:02:59]} b5 {[%emt 0:00:02]} 14. d4 {[%emt 0:00:27]} cxd3 {
[%emt 0:00:23]} 15. Qxd3 {[%emt 0:00:01]} Rc8 {[%emt 0:01:04]} 16. Bb2 {
[%emt 0:00:16]} Qb6 {[%emt 0:01:33]} 17. Qxd7 {[%emt 0:01:54]} Rcd8 {[%emt 0:
00:01]} 18. Qg4 {[%emt 0:00:09]} Rd2 {[%emt 0:00:02]} 19. Re2 {[%emt 0:00:26]}
Ne5 {[%emt 0:00:01]} 20. Rxd2 {[%emt 0:00:14]} Nxg4 {[%emt 0:00:02]} 21. Rad1 {
[%emt 0:05:12]} Rc8 {[%emt 0:02:19]} 22. Nb4 {[%emt 0:00:15]} Bb7 {[%emt 0:00:
11]} 23. Nd5 {[%emt 0:00:10]} Bxd5 {[%emt 0:00:04]} 24. exd5 {[%emt 0:00:01]}
Bh6 {[%emt 0:01:19]} 25. Re2 {[%emt 0:00:20]} Nxf2 {[%emt 0:00:03]} 26. Rxf2 {
[%emt 0:00:01]} Be3 {[%emt 0:00:02]} 27. Rdf1 {[%emt 0:00:04]} Qa5 {[%emt 0:00:
16]} 28. Bc1 {[%emt 0:00:11]} Bxf2+ {[%emt 0:00:29]} 29. Rxf2 {[%emt 0:00:01]}
Qxc3 {[%emt 0:00:02]} 30. Bh6 {[%emt 0:00:09]} Qd4 {[%emt 0:00:05]} 31. Kf1 {
[%emt 0:00:33]} Qd1# {[%emt 0:00:02]} 0-1

[Event "European Rapid Championship 2021"]
[Site "Katowice"]
[Date "2021.12.19"]
[Round "7.25"]
[White "Papasimakopoulos, Alexandros"]
[Black "Solys, Laimutis"]
[Result "1-0"]
[WhiteElo "2274"]
[BlackElo "2300"]
[Annotator "NA"]
[PlyCount "97"]
[EventDate "2021.12.18"]
[EventType "swiss"]
[EventCountry "POL"]
[SourceTitle "playchess.com"]
[Source "ChessBase"]
[SourceQuality "1"]
[TimeControl "900+10"]

1. d4 {[%emt 0:00:15]} d5 {[%emt 0:00:04]} 2. c4 {[%emt 0:00:06]} e6 {[%emt 0:
00:02]} 3. Nc3 {[%emt 0:00:05]} dxc4 {[%emt 0:00:06]} 4. e4 {[%emt 0:00:05]} c5
{[%emt 0:00:06]} 5. d5 {[%emt 0:00:13]} Nf6 {[%emt 0:00:08]} 6. Nf3 {[%emt 0:
00:40]} exd5 {[%emt 0:00:23]} 7. e5 {[%emt 0:00:28]} Nfd7 {[%emt 0:00:47]} 8.
Bg5 {[%emt 0:00:52]} Be7 {[%emt 0:00:10]} 9. Bxe7 {[%emt 0:00:02]} Qxe7 {
[%emt 0:00:02]} 10. Nxd5 {[%emt 0:00:02]} Qd8 {[%emt 0:00:07]} 11. Bxc4 {
[%emt 0:00:13]} O-O {[%emt 0:00:50]} 12. O-O {[%emt 0:00:19]} Nc6 {[%emt 0:00:
04]} 13. Re1 {[%emt 0:00:16]} Nb6 {[%emt 0:00:15]} 14. Nxb6 {[%emt 0:00:27]}
axb6 {[%emt 0:00:04]} 15. Qd6 {[%emt 0:00:58]} Bg4 {[%emt 0:03:04]} 16. Bd5 {
[%emt 0:02:44]} Qxd6 {[%emt 0:04:53]} 17. exd6 {[%emt 0:00:01]} Bxf3 {[%emt 0:
00:01]} 18. Bxf3 {[%emt 0:00:02]} Nd4 {[%emt 0:00:02]} 19. Bxb7 {[%emt 0:00:45]
} Rad8 {[%emt 0:00:11]} 20. Re7 {[%emt 0:00:23]} Rxd6 {[%emt 0:00:07]} 21. h3 {
[%emt 0:05:48]} g6 {[%emt 0:00:12]} 22. a4 {[%emt 0:00:28]} Kg7 {[%emt 0:00:46]
} 23. Ba6 {[%emt 0:00:05]} Kf6 {[%emt 0:01:29]} 24. Rae1 {[%emt 0:01:57]} Ne6 {
[%emt 0:00:48]} 25. Ra7 {[%emt 0:00:18]} Rfd8 {[%emt 0:00:41]} 26. Bc4 {
[%emt 0:00:05]} Rd1 {[%emt 0:00:05]} 27. Kf1 {[%emt 0:00:04]} Rxe1+ {[%emt 0:
00:16]} 28. Kxe1 {[%emt 0:00:01]} Rd6 {[%emt 0:00:01]} 29. h4 h5 {[%emt 0:01:
42]} 30. g3 {[%emt 0:00:25]} Nd8 {[%emt 0:00:16]} 31. Ke2 {[%emt 0:00:00]} Ne6
{[%emt 0:00:35]} 32. Ke3 {[%emt 0:00:04]} Nd8 {[%emt 0:00:05]} 33. b3 {[%emt 0:
00:02]} Ne6 {[%emt 0:00:04]} 34. Rb7 {[%emt 0:00:11]} Nd8 {[%emt 0:00:02]} 35.
Rc7 {[%emt 0:00:03]} Ne6 {[%emt 0:00:02]} 36. Rc8 {[%emt 0:00:11]} Nd8 {
[%emt 0:00:13]} 37. a5 {[%emt 0:00:02]} bxa5 {[%emt 0:00:27]} 38. Rxc5 {
[%emt 0:00:10]} Nc6 39. Ke4 {[%emt 0:00:20]} Rd4+ {[%emt 0:00:45]} 40. Ke3 {
[%emt 0:00:26]} Rd6 {[%emt 0:00:47]} 41. Rb5 {[%emt 0:00:10]} Nd4 {[%emt 0:00:
10]} 42. Rxa5 {[%emt 0:00:25]} Nf5+ {[%emt 0:00:16]} 43. Kf3 {[%emt 0:00:16]}
Rb6 {[%emt 0:00:17]} 44. Ke4 {[%emt 0:00:05]} Nd6+ {[%emt 0:00:08]} 45. Kd5 {
[%emt 0:00:07]} Nf5 {[%emt 0:00:03]} 46. Ra6 {[%emt 0:00:22]} Rxa6 {[%emt 0:00:
15]} 47. Bxa6 {[%emt 0:00:02]} Ke7 {[%emt 0:00:01]} 48. b4 {[%emt 0:00:08]} f6
{[%emt 0:00:02]} 49. Bd3 {[%emt 0:00:16]} 1-0

[Event "European Rapid Championship 2021"]
[Site "Katowice"]
[Date "2021.12.19"]
[Round "7.25"]
[White "Kozlowski, Michal"]
[Black "Sliwicka, Alicja"]
[Result "1-0"]
[WhiteElo "2047"]
[BlackElo "2303"]
[Annotator "NA"]
[PlyCount "133"]
[EventDate "2021.12.18"]
[EventType "swiss"]
[EventCountry "POL"]
[SourceTitle "playchess.com"]
[Source "ChessBase"]
[SourceQuality "1"]
[TimeControl "900+10"]

1. e4 {[%emt 0:00:02]} c5 {[%emt 0:00:01]} 2. Nf3 {[%emt 0:00:02]} Nc6 {
[%emt 0:00:02]} 3. d4 {[%emt 0:00:03]} cxd4 {[%emt 0:00:02]} 4. Nxd4 {[%emt 0:
00:02]} Nf6 {[%emt 0:00:02]} 5. Nc3 {[%emt 0:00:02]} d6 {[%emt 0:00:02]} 6. Be2
{[%emt 0:01:04]} e5 {[%emt 0:00:04]} 7. Nb3 {[%emt 0:00:10]} Be6 {[%emt 0:00:
28]} 8. Bg5 {[%emt 0:00:48]} Be7 {[%emt 0:00:05]} 9. Bxf6 {[%emt 0:00:02]} Bxf6
{[%emt 0:00:30]} 10. Nd5 {[%emt 0:00:22]} O-O {[%emt 0:00:24]} 11. O-O {
[%emt 0:00:10]} a5 {[%emt 0:00:57]} 12. a4 {[%emt 0:00:43]} Nb4 {[%emt 0:01:19]
} 13. Nxf6+ {[%emt 0:01:42]} Qxf6 {[%emt 0:00:13]} 14. c3 {[%emt 0:00:33]} Nc6
{[%emt 0:00:06]} 15. Nd2 {[%emt 0:02:02]} Rad8 {[%emt 0:01:49]} 16. Bc4 {
[%emt 0:01:47]} Ne7 {[%emt 0:01:11]} 17. Qb3 {[%emt 0:03:48]} d5 {[%emt 0:02:
08]} 18. exd5 {[%emt 0:00:01]} Nxd5 {[%emt 0:00:49]} 19. Ne4 {[%emt 0:01:40]}
Qg6 {[%emt 0:00:22]} 20. Ng3 {[%emt 0:00:04]} Nf4 {[%emt 0:03:13]} 21. Bxe6 {
[%emt 0:00:09]} Qxe6 {[%emt 0:00:10]} 22. Qxe6 {[%emt 0:00:45]} Nxe6 {[%emt 0:
00:03]} 23. Rfd1 {[%emt 0:00:21]} Nc5 {[%emt 0:00:12]} 24. b4 {[%emt 0:01:10]}
axb4 {[%emt 0:00:45]} 25. cxb4 {[%emt 0:00:01]} Rxd1+ {[%emt 0:00:26]} 26. Rxd1
{[%emt 0:00:01]} Nxa4 {[%emt 0:00:03]} 27. Rd7 {[%emt 0:00:02]} b6 {[%emt 0:00:
49]} 28. Re7 {[%emt 0:00:04]} Rc8 {[%emt 0:00:49]} 29. h3 {[%emt 0:00:58]} Kf8
{[%emt 0:01:03]} 30. Rxe5 {[%emt 0:00:09]} Rc1+ {[%emt 0:00:03]} 31. Kh2 {
[%emt 0:00:04]} Rb1 {[%emt 0:01:25]} 32. Re4 {[%emt 0:00:45]} Rb2 {[%emt 0:00:
20]} 33. Kg1 {[%emt 0:00:28]} g6 {[%emt 0:00:08]} 34. Rd4 {[%emt 0:00:33]} Nc3
{[%emt 0:00:15]} 35. Rc4 {[%emt 0:00:10]} Na2 {[%emt 0:00:07]} 36. Ne4 {
[%emt 0:00:07]} Rb1+ {[%emt 0:00:14]} 37. Kh2 {[%emt 0:00:02]} Rxb4 {[%emt 0:
00:06]} 38. Rc8+ {[%emt 0:00:08]} Kg7 {[%emt 0:00:18]} 39. Nd6 {[%emt 0:00:10]}
Rb2 {[%emt 0:00:18]} 40. Kg3 {[%emt 0:00:12]} Kf6 {[%emt 0:00:17]} 41. Rc7 {
[%emt 0:00:06]} Ke6 {[%emt 0:00:04]} 42. Nxf7 {[%emt 0:00:08]} b5 {[%emt 0:00:
02]} 43. Ng5+ {[%emt 0:00:06]} Kd6 {[%emt 0:00:01]} 44. Rxh7 {[%emt 0:00:04]}
b4 {[%emt 0:00:03]} 45. Ne4+ {[%emt 0:00:19]} Kc6 {[%emt 0:00:02]} 46. Rg7 {
[%emt 0:00:05]} Re2 {[%emt 0:00:33]} 47. Kf3 {[%emt 0:00:26]} Re1 {[%emt 0:00:
01]} 48. Rxg6+ {[%emt 0:00:04]} Kb5 {[%emt 0:00:16]} 49. Rg8 {[%emt 0:00:11]}
Nc1 {[%emt 0:00:23]} 50. h4 {[%emt 0:00:14]} Rh1 {[%emt 0:00:05]} 51. g3 {
[%emt 0:00:10]} Rd1 {[%emt 0:00:17]} 52. h5 {[%emt 0:00:11]} Rd3+ {[%emt 0:00:
02]} 53. Kg4 {[%emt 0:00:15]} b3 {[%emt 0:00:02]} 54. Rb8+ {[%emt 0:00:08]} Ka5
{[%emt 0:00:18]} 55. h6 {[%emt 0:00:12]} Rd7 {[%emt 0:00:12]} 56. Nc5 {[%emt 0:
00:09]} Rd4+ {[%emt 0:00:20]} 57. Kf3 {[%emt 0:00:09]} Rd5 {[%emt 0:00:06]} 58.
Nxb3+ {[%emt 0:00:05]} Nxb3 {[%emt 0:00:02]} 59. Rxb3 {[%emt 0:00:02]} Rh5 {
[%emt 0:00:02]} 60. Kg4 {[%emt 0:00:03]} Rxh6 {[%emt 0:00:01]} 61. f4 {[%emt 0:
00:01]} Ka4 {[%emt 0:00:01]} 62. Rb8 {[%emt 0:00:01]} Ka5 {[%emt 0:00:02]} 63.
Kg5 {[%emt 0:00:02]} Rh1 {[%emt 0:00:04]} 64. f5 {[%emt 0:00:01]} Ka6 {[%emt 0:
00:03]} 65. f6 {[%emt 0:00:02]} Ka7 {[%emt 0:00:02]} 66. Rb4 {[%emt 0:00:03]}
Rf1 {[%emt 0:00:03]} 67. Rf4 {[%emt 0:00:01]} 1-0

[Event "European Rapid Championship 2021"]
[Site "Katowice"]
[Date "2021.12.19"]
[Round "7.26"]
[White "Pacuszka, Tomasz"]
[Black "Bjerre, Jonas Buhl"]
[Result "0-1"]
[WhiteElo "2193"]
[BlackElo "2330"]
[Annotator "NA"]
[PlyCount "60"]
[EventDate "2021.12.18"]
[EventType "swiss"]
[EventCountry "POL"]
[SourceTitle "playchess.com"]
[Source "ChessBase"]
[SourceQuality "1"]
[TimeControl "900+10"]

1. e4 {[%emt 0:00:01]} c5 {[%emt 0:00:01]} 2. Be2 {[%emt 0:00:01]} Nc6 {
[%emt 0:00:13]} 3. f4 {[%emt 0:00:03]} e6 {[%emt 0:00:10]} 4. Nf3 {[%emt 0:00:
03]} d5 {[%emt 0:00:04]} 5. d3 {[%emt 0:00:02]} Bd6 {[%emt 0:00:20]} 6. O-O {
[%emt 0:00:24]} Nge7 {[%emt 0:00:02]} 7. c3 {[%emt 0:01:17]} f6 {[%emt 0:00:41]
} 8. Na3 {[%emt 0:01:20]} O-O {[%emt 0:00:09]} 9. Qe1 {[%emt 0:00:11]} b6 {
[%emt 0:00:07]} 10. Qg3 {[%emt 0:00:48]} Ba6 {[%emt 0:00:19]} 11. Re1 {[%emt 0:
00:11]} Qc7 {[%emt 0:01:14]} 12. Qh3 {[%emt 0:00:09]} Kh8 {[%emt 0:01:18]} 13.
g3 {[%emt 0:00:11]} c4 {[%emt 0:00:41]} 14. e5 {[%emt 0:02:33]} Bxa3 {[%emt 0:
01:09]} 15. bxa3 {[%emt 0:00:04]} cxd3 {[%emt 0:00:03]} 16. exf6 {[%emt 0:00:
17]} Rxf6 {[%emt 0:00:37]} 17. Bf1 {[%emt 0:00:09]} h6 {[%emt 0:02:17]} 18. c4
{[%emt 0:00:36]} Bxc4 {[%emt 0:00:17]} 19. Bb2 {[%emt 0:00:04]} d4 {[%emt 0:00:
15]} 20. Nxd4 {[%emt 0:00:47]} Nxd4 {[%emt 0:00:04]} 21. Bxd4 {[%emt 0:00:03]}
Rg6 {[%emt 0:00:22]} 22. Rec1 {[%emt 0:02:54]} Rd8 {[%emt 0:00:25]} 23. Be5 {
[%emt 0:00:41]} Qc5+ {[%emt 0:00:33]} 24. Kh1 {[%emt 0:00:03]} Nc6 {[%emt 0:01:
39]} 25. Qh4 {[%emt 0:00:59]} Bd5+ {[%emt 0:00:19]} 26. Bg2 {[%emt 0:00:01]}
Bxg2+ {[%emt 0:00:08]} 27. Kxg2 {[%emt 0:00:01]} Qd5+ {[%emt 0:00:02]} 28. Kg1
{[%emt 0:00:10]} Nxe5 {[%emt 0:00:05]} 29. fxe5 {[%emt 0:00:01]} d2 {[%emt 0:
00:06]} 30. Rf1 {[%emt 0:00:11]} Rg5 {[%emt 0:00:12]} 0-1

[Event "European Rapid Championship 2021"]
[Site "Katowice"]
[Date "2021.12.19"]
[Round "7.26"]
[White "Budzisz, Adrian"]
[Black "Chojnacki, Slawomir"]
[Result "1-0"]
[WhiteElo "1985"]
[BlackElo "2165"]
[Annotator "NA"]
[PlyCount "99"]
[EventDate "2021.12.18"]
[EventType "swiss"]
[EventCountry "POL"]
[SourceTitle "playchess.com"]
[Source "ChessBase"]
[SourceQuality "1"]
[TimeControl "900+10"]

1. e4 {[%emt 0:00:07]} c6 {[%emt 0:00:10]} 2. d4 {[%emt 0:00:02]} d5 {[%emt 0:
00:06]} 3. exd5 {[%emt 0:00:02]} cxd5 {[%emt 0:00:02]} 4. Bd3 {[%emt 0:00:02]}
Nc6 {[%emt 0:00:01]} 5. c3 {[%emt 0:00:01]} Nf6 {[%emt 0:00:01]} 6. Bf4 {
[%emt 0:00:10]} g6 {[%emt 0:00:03]} 7. Nf3 {[%emt 0:00:03]} Bf5 {[%emt 0:00:02]
} 8. O-O {[%emt 0:00:09]} e6 {[%emt 0:00:01]} 9. Ne5 {[%emt 0:00:43]} Bd6 {
[%emt 0:00:08]} 10. Re1 {[%emt 0:00:39]} O-O {[%emt 0:00:11]} 11. Bxf5 {
[%emt 0:01:06]} exf5 {[%emt 0:00:46]} 12. Qb3 {[%emt 0:00:15]} Qb6 {[%emt 0:00:
20]} 13. Qxb6 {[%emt 0:00:25]} axb6 {[%emt 0:00:02]} 14. Nxg6 {[%emt 0:00:05]}
hxg6 {[%emt 0:00:24]} 15. Bxd6 {[%emt 0:00:03]} Rfe8 {[%emt 0:00:03]} 16. Rxe8+
{[%emt 0:00:23]} Rxe8 {[%emt 0:00:04]} 17. Kf1 {[%emt 0:00:05]} Na5 {[%emt 0:
00:33]} 18. Nd2 {[%emt 0:00:15]} Ne4 {[%emt 0:00:05]} 19. Nxe4 {[%emt 0:00:11]}
fxe4 {[%emt 0:00:02]} 20. b3 {[%emt 0:00:29]} b5 {[%emt 0:00:10]} 21. Ke2 {
[%emt 0:00:29]} Ra8 {[%emt 0:00:04]} 22. Rc1 {[%emt 0:00:14]} Ra6 {[%emt 0:00:
07]} 23. Bc5 {[%emt 0:00:26]} f5 {[%emt 0:00:10]} 24. Ke3 {[%emt 0:00:08]} Kf7
{[%emt 0:00:08]} 25. h4 {[%emt 0:00:57]} Ra8 {[%emt 0:00:12]} 26. Kf4 {[%emt 0:
00:21]} Kf6 {[%emt 0:00:06]} 27. Bd6 {[%emt 0:00:35]} Nc6 {[%emt 0:00:07]} 28.
Rc2 {[%emt 0:01:00]} Nd8 {[%emt 0:01:22]} 29. Ke3 {[%emt 0:01:04]} Ke6 {
[%emt 0:00:22]} 30. Bc5 {[%emt 0:00:27]} Nc6 {[%emt 0:01:00]} 31. g3 {[%emt 0:
00:12]} Nd8 {[%emt 0:00:48]} 32. Rb2 {[%emt 0:00:25]} Rc8 {[%emt 0:00:40]} 33.
a4 {[%emt 0:01:15]} b6 {[%emt 0:00:29]} 34. Bxb6 {[%emt 0:00:50]} Rxc3+ {
[%emt 0:00:03]} 35. Ke2 {[%emt 0:00:01]} Nb7 {[%emt 0:00:33]} 36. a5 {[%emt 0:
00:11]} Nd6 {[%emt 0:02:06]} 37. Bc5 {[%emt 0:01:39]} Ne8 {[%emt 0:00:41]} 38.
a6 {[%emt 0:00:15]} Nc7 {[%emt 0:00:01]} 39. a7 {[%emt 0:00:01]} Kd7 {[%emt 0:
00:25]} 40. Ra2 {[%emt 0:00:06]} Na8 {[%emt 0:00:02]} 41. b4 {[%emt 0:00:09]}
Rb3 {[%emt 0:00:29]} 42. Ra6 {[%emt 0:02:35]} Rb2+ {[%emt 0:00:02]} 43. Kf1 {
[%emt 0:00:03]} Rb1+ {[%emt 0:00:02]} 44. Kg2 {[%emt 0:00:07]} Rb2 {[%emt 0:00:
02]} 45. Rxg6 {[%emt 0:00:11]} e3 {[%emt 0:00:01]} 46. Rg7+ {[%emt 0:00:02]}
Kd8 {[%emt 0:00:02]} 47. Rg8+ {[%emt 0:00:13]} Kd7 {[%emt 0:00:10]} 48. Rxa8 {
[%emt 0:00:07]} Ra2 {[%emt 0:00:08]} 49. Rf8 {[%emt 0:00:23]} e2 {[%emt 0:00:
10]} 50. Rf7+ {[%emt 0:00:01]} 1-0